Authority in language : (Record no. 61116)
[ view plain ]
| 000 -LEADER | |
|---|---|
| fixed length control field | 01087nam a2200313 a 4500 |
| 001 - CONTROL NUMBER | |
| control field | 61116 |
| 003 - CONTROL NUMBER IDENTIFIER | |
| rucl marc code | BD-RjUL |
| 005 - DATE AND TIME OF LATEST TRANSACTION | |
| control field | 20211209080925.0 |
| 008 - FIXED-LENGTH DATA ELEMENTS--GENERAL INFORMATION | |
| fixed length control field | 170115s1985 enk b 001 0 eng d |
| 020 ## - INTERNATIONAL STANDARD BOOK NUMBER | |
| International Standard Book Number | 0710097611 |
| 035 ## - SYSTEM CONTROL NUMBER | |
| System control number | (BD-RjUL)61240 |
| 040 ## - CATALOGING SOURCE | |
| Original cataloging agency | DLC |
| Transcribing agency | DLC |
| Modifying agency | DLC |
| -- | BD-RjUL |
| Language of cataloging | eng |
| 041 ## - LANGUAGE CODE | |
| Language code of text/sound track or separate title | eng |
| 082 00 - DEWEY DECIMAL CLASSIFICATION NUMBER | |
| Classification number | 428 |
| Edition number | 23 |
| Author mark and year | MIA 1985 |
| 100 1# - MAIN ENTRY--PERSONAL NAME | |
| Personal name | Milroy, James. |
| 9 (RLIN) | 182379 |
| 245 10 - TITLE STATEMENT | |
| Title | Authority in language : |
| Remainder of title | investigating language prescription and standardisation / |
| Statement of responsibility, etc. | James Milroy and Lesley Milroy. |
| 260 ## - PUBLICATION, DISTRIBUTION, ETC. (IMPRINT) | |
| Place of publication, distribution, etc. | London : |
| Name of publisher, distributor, etc. | Routledge & K. Paul, |
| Date of publication, distribution, etc. | 1985. |
| 300 ## - PHYSICAL DESCRIPTION | |
| Pagination | x, 189 p. ; |
| Size | 22 cm. |
| 490 ## - SERIES STATEMENT | |
| Series statement | Language, education, and society |
| 504 ## - BIBLIOGRAPHY, ETC. NOTE | |
| Bibliography, etc | Includes index and Bibliography |
| 650 #0 - SUBJECT ADDED ENTRY--TOPICAL TERM | |
| Topical term or geographic name as entry element | Standard language. |
| 9 (RLIN) | 182380 |
| Topical term or geographic name as entry element | English language |
| General subdivision | Standardization. |
| 9 (RLIN) | 182381 |
| Topical term or geographic name as entry element | Language and languages |
| General subdivision | Variation. |
| 9 (RLIN) | 182382 |
| Topical term or geographic name as entry element | Communicative competence. |
| 9 (RLIN) | 182291 |
| Topical term or geographic name as entry element | Language and languages |
| General subdivision | Ability testing. |
| 9 (RLIN) | 182383 |
| 700 1# - ADDED ENTRY--PERSONAL NAME | |
| Personal name | Milroy, Lesley. |
| 830 ## - SERIES ADDED ENTRY--UNIFORM TITLE | |
| Uniform title | Language, education, and society |
| 942 ## - ADDED ENTRY ELEMENTS (KOHA) | |
| Source of classification or shelving scheme | Dewey Decimal Classification |
| Koha item type | Books |
| Lost status | Source of classification or shelving scheme | Damaged status | Not for loan | Collection code | Permanent Location | Current Location | Shelving location | Date acquired | Source of acquisition | Cost, normal purchase price | Total Checkouts | Full call number | Date last seen | Copy number | Koha item type |
|---|---|---|---|---|---|---|---|---|---|---|---|---|---|---|---|
| Dewey Decimal Classification | Not For Loan | Non-fiction | Central Library, University of Rajshahi | Central Library, University of Rajshahi | Reading Room | 24/09/1989 | Karim International | 9.95 | 428 MIA 1985 | 15/01/2017 | C-1 | Books |